000 00680nam a2200229Ia 4500
005 20250117110415.0
008 008 250114s9999 xx 000 0 eng d
020 _a9781493976706
037 _aTextual
040 _aCSL
_beng
_cCSL
041 _aeng
_2eng
084 _aI:3 Q8 Carb
_qCSL
245 0 _aPlant seneseence: Methods and protocols
_cGuo, Yongfeng (Ed.)
260 _aNew York
_bHumana Press
_c2018
300 _axii, 367p. ill.
650 _a Cellular processing
_9734750
650 _a Mormonal control
_9734751
650 _aBotany
700 _aGuo, Yongfeng (Ed.)
_9732175
942 _cTEXL
_hI:3 Q8 Carb
999 _c1238188
_d1238188